| 000 | 00993 a2200193 4500 | ||
|---|---|---|---|
| 001 | 53835 | ||
| 005 | 20260407155809.0 | ||
| 008 | 260407a1964 arg spa d | ||
| 003 | AR-UNSa-BCEJYS | ||
| 040 |
_aAR-UNSa-BCEJYS _bspa _cAR-UNSa-BCEJYS |
||
| 080 |
_a338.2(8) _xPolítica económica. Control de la economía. gestión de la economía. planificación económica en América Latina |
||
| 245 | 1 | 0 |
_aEstudios sobre política económica en America Latina _p(en ruta hacia el progreso) |
| 264 | 1 |
_aMadrid : _bAguilar _c1964 |
|
| 300 |
_a350 p. _c21 cm. |
||
| 505 | _aI. Tres problemas en tres países - 1. El nordeste del Brasil - 2. La tenencia de la tierra y la reforma agraria en Colombia - 3. La inflación en Chile - II. Solución de problemas y fragua de la reforma - 4 . Solución de problemas y formulación de política: ¿Existe un estilo latinoamericano? - 5. La trama de la reforma | ||
| 942 | _cBK | ||
| 590 | _aniveau_biblio:m niveau_hierar:0 | ||
| 100 | 1 | _aHirschman, Albert O. | |
| 999 |
_c5259 _d5259 |
||